000 00491nam a2200169Ia 4500
008 230718s9999 xx 000 0 und d
020 _a9780670090549
041 _aeng
082 _a823.92
_bBHA
100 _aBhasin S.
_9117971
245 _aUnstoppable
_bKuldip Singh Dhingra And The Rise Of Berger Paints
260 _c2019
_bPenguin/ Portfolio
300 _a300
365 _cRs.
_b599.00
700 _aBhasin S.
_9117971
906 _dO:0670209-Oct-2019B:77330-Sep-2019
_cGENRL
_b149.75
999 _c350510
_d350510